000 01635nam a2200397 a 4500
005 20240516131729.0
008 100311s2005||||sp d f |||| 001 0 spa d
020 _a9871113226
041 _aspa
092 _c616.89
_l51
_sMAR
100 1 _aMarchant, Néstor
_eCoord.
_91992
245 _aTratado de Psiquiatría.
_nT.2 /
_cNéstor Marchant
250 _a1a ed.
260 _aBuenos Aires:
_bGrupo Guía;
_c2005.
300 _a1013-2095 p.
500 _aMarchant, N. y Monchalon Espinoza, A. (Coords.). (2005). Tratado de Psiquiatría. T.2 (1a ed.). Buenos Aires : Grupo Guía ; AAP.
653 _aNeuropsiquiatría
653 _aGerontopsiquitría
653 _aUrgencias en psiquiatría
653 _aPsiquiatría en Medicina General
653 _aMétodos de diagnóstico en psiquiatría
653 _aTerapéutica
653 _aPsicoterapias
653 _aRehabilitación
653 _aPsiquiatría basada en la evidencia
653 _aEtica y psiquiatría Médico-Legal
653 _aOrganización y gestión en psiquiatría
653 _aCapacitación en psiquiatría
653 _aAnexo 1: La enfermedad psíquica de Vincent Van Gogh.
653 _aAnexo 2: Hcia una clasificación de las enfermedades mentales (criterio clínico y pericial)
653 _aAnexo 3: Corteza orbitaria anterior y comportamiento antisocial
653 _aAnexo 4: Corteza orbitotemporal (corteza basal) y comportamiento antisocial
653 _aAnexo 5: Los medios masivos y su relación con la cultura posmoderna o el modernismo decaido
700 1 _aMonchalon Espinoza, Alberto
_eCoord.
_91993
942 _2ddc
_cBK
999 _c1276
_d1276